000
00283nam a2200109Ia 4500
008
220216s9999 xx 000 0 und d
245
0
_a
Off-specification rubber-problems and some solutions
260
_b
Planters Bulletin
_c
1972
300
_a
149-156
650
_a
Rubber
942
_c
JS
999
_c
64317
_d
64317